[Event "POL-ch U15 Qual"]
[Site "Jastrzebia Gora"]
[Date "2021.11.16"]
[Round "3"]
[White "Wieckowski, Michal"]
[Black "Miler, Franciszek"]
[Result "1-0"]
[WhiteElo "1698"]
[BlackElo "1479"]
[PlyCount "80"]
[EventDate "2021.11.15"]
[EventType "swiss"]
[EventRounds "9"]
[EventCountry "POL"]
[SourceTitle "EXT 2023"]
[Source "ChessBase"]
[SourceDate "2022.10.05"]
[SourceVersion "1"]
[SourceVersionDate "2022.10.05"]
[SourceQuality "1"]

1. d4 Nf6 2. c4 g6 3. Nc3 Bg7 4. e4 d6 5. Be2 0-0 6. Bg5 e5 7. dxe5 dxe5 8. Qxd8 Rxd8 9. Nd5 Nbd7 10. Nxc7 Rb8 11. Rd1 b6 12. f3 Bb7 13. Nd5 h6 14. Nxf6+ Nxf6 15. Rxd8+ Rxd8 16. Be3 Ne8 17. Nh3 f5 18. Nf2 Nd6 19. Bd3 f4 20. Bd2 Ba6 21. b3 Rc8 22. Bb4 Ne8 23. Nd1 Bf8 24. Bc3 Bd6 25. Bb2 Kf7 26. Ke2 Ke6 27. Nc3 Nc7 28. Nd5 Nxd5 29. exd5+ Kf6 30. g3 fxg3 31. hxg3 h5 32. f4 Re8 33. Kd2 Bc8 34. Rf1 Bf5 35. Bxf5 gxf5 36. fxe5+ Bxe5 37. Bxe5+ Rxe5 38. Re1 Rxe1 39. Kxe1 Ke5 40. Kf2 Kd6 1-0

[Event "Rubinstein Memorial-D 54th"]
[Site "Polanica Zdroj"]
[Date "2018.08.25"]
[Round "8"]
[White "Miler, Franciszek"]
[Black "Cieply, Krzysztof"]
[Result "1-0"]
[WhiteElo "1315"]
[BlackElo "1400"]
[PlyCount "81"]
[EventDate "2018.08.18"]
[EventType "swiss"]
[EventRounds "9"]
[EventCountry "POL"]
[SourceTitle "EXT 2020"]
[Source "ChessBase"]
[SourceDate "2019.10.17"]
[SourceVersion "1"]
[SourceVersionDate "2019.10.17"]
[SourceQuality "1"]

1. e4 c5 2. Nf3 Nc6 3. d4 cxd4 4. Nxd4 Nf6 5. Nc3 e5 6. Ndb5 d6 7. Nd5 Nxd5 8. exd5 Nb8 9. Be3 a6 10. Nc3 b5 11. Qd2 Be7 12. Be2 0-0 13. 0-0 f5 14. f4 e4 15. a3 Bf6 16. Bd4 Nd7 17. Na2 Bb7 18. c4 bxc4 19. Bxc4 Bxd4+ 20. Qxd4 Nf6 21. Nc3 Rc8 22. Rfe1 Re8 23. Rad1 e3 24. Bd3 Qd7 25. Rxe3 Rxe3 26. Qxe3 Re8 27. Qf3 Ng4 28. h3 Re3 29. Qf1 Nf6 30. Bxa6 Qc8 31. Bxb7 Qxb7 32. Qf2 Re7 33. b4 Rc7 34. Qe3 Qc8 35. Nb5 Rd7 36. Qe6+ Kh8 37. Nxd6 Qc2 38. Re1 Qc3 39. Qe8+ Ng8 40. Qxg8+ Kxg8 41. Re8# 1-0

[Event "Rubinstein Memorial-D 54th"]
[Site "Polanica Zdroj"]
[Date "2018.08.24"]
[Round "7"]
[White "Sokol, Maria"]
[Black "Miler, Franciszek"]
[Result "1/2-1/2"]
[WhiteElo "1304"]
[BlackElo "1315"]
[PlyCount "94"]
[EventDate "2018.08.18"]
[EventType "swiss"]
[EventRounds "9"]
[EventCountry "POL"]
[SourceTitle "EXT 2020"]
[Source "ChessBase"]
[SourceDate "2019.10.17"]
[SourceVersion "1"]
[SourceVersionDate "2019.10.17"]
[SourceQuality "1"]

1. e4 c5 2. Nf3 d6 3. c3 Nf6 4. h3 Nc6 5. Bd3 e6 6. Bc2 Be7 7. 0-0 0-0 8. d3 Qc7 9. Bg5 d5 10. exd5 exd5 11. Re1 Be6 12. Nbd2 h6 13. Bh4 a6 14. Nb3 c4 15. dxc4 dxc4 16. Nbd4 Nxd4 17. Nxd4 Rad8 18. Qc1 Nd5 19. Bxe7 Qxe7 20. Bf5 Qf6 21. Nxe6 fxe6 22. Bxe6+ Kh8 23. Qc2 b5 24. Bxd5 Rxd5 25. Rad1 Rf5 26. Rd2 Qb6 27. Re3 Rxf2 28. Rxf2 Qxe3 29. Qd2 Qxd2 30. Rxd2 Rf6 31. g4 g5 32. Kg2 Kg7 33. b3 cxb3 34. axb3 Rc6 35. Rd3 Kf6 36. Kf3 a5 37. Ke2 Ke7 38. Kd2 Rd6 39. c4 b4 40. Kc2 Rxd3 41. Kxd3 Kd6 42. Kd4 Kc6 43. c5 Kb5 44. Kd5 a4 45. bxa4+ Kxa4 46. c6 b3 47. c7 b2 1/2-1/2

[Event "Rubinstein Memorial-D 54th"]
[Site "Polanica Zdroj"]
[Date "2018.08.23"]
[Round "6"]
[White "Miler, Franciszek"]
[Black "Sleczka, Krzysztof"]
[Result "1-0"]
[WhiteElo "1315"]
[BlackElo "1214"]
[PlyCount "25"]
[EventDate "2018.08.18"]
[EventType "swiss"]
[EventRounds "9"]
[EventCountry "POL"]
[SourceTitle "EXT 2020"]
[Source "ChessBase"]
[SourceDate "2019.10.17"]
[SourceVersion "1"]
[SourceVersionDate "2019.10.17"]
[SourceQuality "1"]

1. e4 e5 2. Nf3 Nc6 3. Bc4 Bc5 4. 0-0 Nf6 5. d4 Nxd4 6. Nxe5 0-0 7. Be3 Ne6 8. Bxe6 Bxe3 9. Bxf7+ Rxf7 10. Nxf7 Kxf7 11. fxe3 Kg8 12. e5 Ne8 13. Qd5+ 1-0